000 00416nam a22001577a 4500
005 20241108084035.0
008 241108b |||||||| |||| 00| 0 eng d
041 _aEnglish
082 _a349 PRO
100 _lEnglish
245 _aProbate Division 1942
260 _aLondon:
_bThe Council,
_c1942
300 _b158 pages;
_c25 cm.
650 _aLegal practice
_bLaw
942 _cBK
_6ALISON_BN_VRIES
999 _c3241
_d3241